Vainqueurs de la coupe des coupes (avec indice) - Statistiques

Statistiques générales
  • Ce quiz a été pris 72 fois
  • Le résultat moyen est 28 sur 39
Statistiques - réponses
Année Pays Club % Correct
1968 Italie Ac Milan
97%
1973 Italie Ac Milan
97%
1979 Espagne Barcelone
95%
1982 Espagne Barcelone
95%
1989 Espagne Barcelone
95%
1997 Espagne Barcelone
95%
1996 France PSG
95%
1967 Allemagne Bayern
92%
1984 Italie Juventus
92%
1991 Angleterre Manchester United
87%
1971 Angleterre Chelsea
85%
1998 Angleterre Chelsea
85%
1975 Ukraine Dynamo Kiev
85%
1986 Ukraine Dynamo Kiev
85%
1994 Angleterre Arsenal
82%
1976 Belgique Anderlecht
80%
1978 Belgique Anderlecht
80%
1999 Italie Lazio
80%
1964 Portugal Sporting
80%
1962 Espagne Atletico Madrid
78%
1966 Allemagne Dortmund
75%
1972 Ecosse Rangers
75%
1987 Pays-Bas Ajax
73%
1980 Espagne Valence
73%
1970 Angleterre Manchester City
70%
1961 Italie Fiorentina
68%
1963 Angleterre Tottenham
68%
1993 Italie Parme
63%
1969 Slovaquie Slovan Bratislava
60%
1981 Géorgie Dinamo Tbilissi
57%
1977 Allemagne Hambourg
57%
1990 Italie Sampdoria
53%
1983 Ecosse Aberdeen
52%
1985 Angleterre Everton
43%
1995 Espagne Real Saragosse
43%
1992 Allemagne Werder Brême
43%
1965 Angleterre West Ham
43%
1988 Belgique KV Mechelen
20%
1974 Allemagne Magdeburg
15%
Aucun quiz correspondant
Distribution des résultats
% des personnes avec chaque résultat
Percentile par nombre de réponses
Votre historique - résultats
Vous n’avez pas pris ce quiz